| Tag |
First Indicator |
Second Indicator |
Subfields |
| LEADER |
00000cam a2200000 4500 |
| 001 |
in00000073239 |
| 005 |
20151008052513.0 |
| 008 |
720518s1947 ilu 00000 eng u |
| 010 |
|
|
|a 47025691
|
| 035 |
|
|
|a (OCoLC)00311628
|
| 035 |
|
|
|9 AAH3633AM
|
| 040 |
|
|
|c YNG
|d TXA
|d UtOrBLW
|
| 049 |
|
|
|a TXAM
|c [401106]
|
| 050 |
|
0 |
|a HG9964.E5
|b L3
|
| 092 |
|
|
|a 331.825
|b L269w
|
| 100 |
1 |
|
|a Lang, Frank.
|
| 245 |
1 |
0 |
|a Workmen's compensation insurance ;
|b monopoly or free competition?
|
| 264 |
|
1 |
|a Chicago :
|b R.D. Irwin,
|c 1947.
|
| 300 |
|
|
|a 239 pages
|
| 336 |
|
|
|a text
|b txt
|2 rdacontent
|
| 337 |
|
|
|a unmediated
|b n
|2 rdamedia
|
| 338 |
|
|
|a volume
|b nc
|2 rdacarrier
|
| 650 |
|
0 |
|a Employers' liability insurance
|z United States.
|
| 650 |
|
0 |
|a Employers' liability
|z United States.
|
| 999 |
|
|
|a MARS
|
| 999 |
f |
f |
|s 9d999a7e-075c-3dc9-beb2-e47e7aa8f49c
|i 4d11af3a-4269-329d-8c4d-e94a6e3103a6
|t 0
|
| 952 |
f |
f |
|p ric
|a Texas A&M University
|b Rellis Campus
|c Joint Library Facility
|d Remote Storage
|t 0
|e HG9964.E5 L3
|h Library of Congress classification
|i unmediated -- volume
|m A14800722081
|
| 998 |
f |
f |
|a HG9964.E5 L3
|t 0
|l Remote Storage
|